Регионална библиотека "Любен Каравелов" - Русе

Български притчи или пословици и характерни думи (Запис номер 45239)

MARC детайли
000 -Лидер
Контролно поле с фиксирана дължина 01929nam a2200349 c 4500
003 - Код на организацията, давaща контролен номер
Контролно поле BLK
005 - Дата и час на последна редакция
Контролно поле 20240731005406.0
008 - Елементи от данни с фиксирана дължина
fixed length control field 180408b bul|||||r ||||||| ||bul||
010 ## - Наследен системен номер
LC control number KNG00049026000
020 ## - Международен стандартен номер на книга ISBN
Международен стандартен номер на книга ISBN 954-739-428-2
-- издат.: Захарий Стоянов
040 ## - Източник на каталожния запис
Идентификатор на билиотеката - собственик на записа BLK
041 ## - Код за език
Код за езика на текст/звукозапис или на отделно заглавие Български
Код за езика КДБФ Български
080 ## - УДК
Текстов определител УДК Българска литература
УДК код - определител по УДК 821.163.2
УДК определител -84
УДК - код + определител 821.163.2-84
139 ## - Редно поле
Редна дума Славейков, Петко Рачов
Авторски знак Славе - С 42
245 10 - Сведения за заглавието
Заглавие Български притчи или пословици и характерни думи
Редно поле (дума) събр. Петко Рачов Славейков; под ред. на Михаил Арнаудов.
250 ## - Област на изданието
Сведения за изданието 4. изд.
257 ## - Страна на издаване
Страна на създаване/издаване България
260 ## - Област на издателските данни
-- София
Име на издателя, разпространителя и проч. Захарий Стоянов
Година на издаване 2003
Печатница София : Образование и наука
300 ## - Физическа характеристика
Страници 788 с.
Размери/Мащаб 20 см
380 ## - Жанр
Жанр Худож. лит.
490 1# - СЕРИИ (Колекции)
Име на серия Поредица Българска класика
№: серия 50
500 ## - Общи забележки
Забележка Кор. загл. Български пословици. - 1. изд. 1889-1897 в 2 ч., изд. на Дружествена печ. Единство. - Съдържа и Сборникът на Славейков / М. Арнаудов ; Речник на малко познати думи и изрази.
653 ## - Ключова дума – ненормативна
Ключова дума пословици
700 1# - Други автори (авторска отговорност)
Лично име Арнаудов, Михаил
Автороска отговорност (Описва отношението между автора и произведението) под ред. на
9 (RLIN) 280043
700 1# - Други автори (авторска отговорност)
Лично име Славейков, Петко Рачов
Дати, свързани с автора 1827-1895
Друга информация Виден възрожд. деец, участник в борбата за църк. освобожд., просветител, писател, поет, публицист, фолклорист, политик
Автороска отговорност (Описва отношението между автора и произведението) събр.
9 (RLIN) 121105
852 ## - Местоположение
Форматна сигнатура Цб 223137
856 4# - Електронен адрес и достъп
Електронен формат pdf - файл
Път до файла /url/
856 4# - Електронен адрес и достъп
Електронен формат pdf - файл
Път до файла /url/
942 ## - АРТИКУЛИ
Вид на библиотечния материал Книги
Скрит в OPAC Не
944 ## - СЪЗДАВАНЕ И РЕДАКЦИЯ на ЗАПИСА
Създаване/Редакция Създаване
Дата на регистрацията/редакция 25.03.2005
Статус, дата на статуса CRON CRON
Служител, извършил регистрацията/редакцията
944 ## - СЪЗДАВАНЕ И РЕДАКЦИЯ на ЗАПИСА
Създаване/Редакция Редакция
Дата на регистрацията/редакция 30.08.2017
Статус, дата на статуса ф /
Служител, извършил регистрацията/редакцията Людмила_Стоянова
999 ## - СИСТЕМНИ КОНТРОЛНИ НОМЕРА
Koha biblionumber 45239
Koha biblioitemnumber 45239
Наличности
Код за отписване Код за изгубен артикул Код за повреда Коз за рестрикции Код за отдаване Артикулен № Име на библиотеката - собственик Име на библиотеката, в която се намира в момента Статус (Текущо местоположение) Дата на вписване в системата Местоположение - отдел Цена в лева Инвентарен номер Систематично азбучна сигнатура Баркод Номер на екземпляра Цена в евро Служебна бележка Служебен тип на артикула Източник на класификационната схема
  Не е изгубен Не е повреден без рестрикции ползва се в читалня 71235 Регионална библиотека "Любен Каравелов" Русе Регионална библиотека "Любен Каравелов" Русе Хранилище 2005-04-04 Хранилище 0.00 120000692836 Цб 223137 120000692836 1 0.00 Дост: Dp Вид: Д N: 21 Дата: 12.05.2004 Книги  
Изтеглен Не е изгубен Не е повреден без рестрикции заемане за дома 71236 Регионална библиотека "Любен Каравелов" Русе Регионална библиотека "Любен Каравелов" Русе Заемна - подръчен фонд 2007-10-09 Заемна - подръчен фонд 6.00 120000717810 П 886.7-8/С 42 120000717810 2 3.07 Дост: Pk Вид: Ф N: 9216 Дата: 01.10.2007 Книги Universal Decimal Classification
Изтеглен Не е изгубен Не е повреден без рестрикции заемане за дома 71237 Регионална библиотека "Любен Каравелов" Русе Регионална библиотека "Любен Каравелов" Русе Заемна - подръчен фонд 2007-10-09 Заемна - подръчен фонд 6.00 120000717811 П 886.7-8/С 42 120000717811 3 3.07 Дост: Pk Вид: Ф N: 9216 Дата: 01.10.2007 Книги Universal Decimal Classification
  Не е изгубен Не е повреден без рестрикции заемане за дома 71238 Регионална библиотека "Любен Каравелов" Русе Регионална библиотека "Любен Каравелов" Русе Заемна - подръчен фонд 2017-08-29 Заемна - подръчен фонд 5.60 120000814496 П 886.7-8/С 42 120000814496 4 2.86 Дост: Pk Вид: Ф N: 17843 Дата: 16.08.2017 Дата инв: 12.02.2018 Бележки инв: П2018 Книги  
  Не е изгубен Не е повреден без рестрикции заемане за дома 71239 Регионална библиотека "Любен Каравелов" Русе Регионална библиотека "Любен Каравелов" Русе Заемна - подръчен фонд 2017-08-29 Заемна - подръчен фонд 5.60 120000814497 П 886.7-8/С 42 120000814497 5 2.86 Дост: Pk Вид: Ф N: 17843 Дата: 16.08.2017 Дата инв: 12.02.2018 Бележки инв: П2018 Книги  
  Не е изгубен Не е повреден без рестрикции заемане за дома 71240 Регионална библиотека "Любен Каравелов" Русе Регионална библиотека "Любен Каравелов" Русе Заемна - подръчен фонд 2017-08-29 Заемна - подръчен фонд 5.60 120000814498 П 886.7-8/С 42 120000814498 6 2.86 Дост: Pk Вид: Ф N: 17843 Дата: 16.08.2017 Дата инв: 12.02.2018 Бележки инв: П2018 Книги  
Vip Innovations Ltd, Rousse, Bulgaria 2025